|
|
|
|
| LEADER |
02173nam a2200265 a 4500 |
| 001 |
0017526 |
| 003 |
BD-DhAAL |
| 008 |
120704s1988 bg 000 1 ben d |
| 040 |
|
|
|a BD-DhAAL
|c BD-DhAAL
|
| 041 |
0 |
|
|a ben
|
| 082 |
0 |
0 |
|a 371.712
|2 22
|
| 100 |
1 |
|
|a চৌধুরী, মঞ্জুশ্রী.
|9 58707
|
| 245 |
1 |
0 |
|a শিক্ষায় মানসিক স্বাস্থ্যবিঞ্জান /
|c মঞ্জুশ্রী চৌধুরী.
|
| 260 |
|
|
|a ঢাকা :
|b বাংলা একাডেমী,
|c ১৯৮৮ .
|
| 300 |
|
|
|a ৩৫৪ পৃ. ;
|c ২২ সে.মি.
|
| 526 |
|
|
|a AAL
|x Salehuddin Ahmed, PhD
Professor (On leave)
BRAC Business School
|
| 541 |
1 |
|
|e 0017526, 0017527, 0017528, 0017529
|a Kollol Book Center
|
| 650 |
|
0 |
|a Mental health education.
|9 58708
|
| 852 |
1 |
|
|a Ayesha Abed Library
|c General Stacks
|
| 942 |
0 |
0 |
|0 1
|2 ddc
|c BK
|
| 999 |
|
|
|c 12477
|d 12477
|
| 952 |
|
|
|0 0
|1 4
|2 ddc
|4 0
|6 371_712000000000000_CHO
|7 0
|9 20633
|a BRACUL
|b BRACUL
|c GEN
|d 2012-07-04
|e Kollol Book Center
|g 220.00
|l 2
|o 371.712 CHO
|p 3010017526
|r 2015-12-03
|s 2015-11-26
|t 1
|w 2012-07-04
|y BK
|x Koha Inventory 2020 ; Requisitioned by Dr. Salehuddin Ahmed, Professor (On leave), BRAC Business School
|
| 952 |
|
|
|0 0
|1 0
|2 ddc
|4 1
|6 371_712000000000000_CHO
|7 0
|9 20634
|a BRACUL
|b BRACUL
|c SPS
|d 2012-07-04
|e Kollol Book Center
|g 220.00
|l 3
|m 29
|o 371.712 CHO
|p 3010017528
|r 2018-10-17
|s 2018-10-09
|t 3
|w 2012-07-04
|y BK
|x Photocopy Book. Declared as Damaged on December 10, 2023 ; Requisitioned by Dr. Salehuddin Ahmed, Professor (On leave), BRAC Business School
|
| 952 |
|
|
|0 0
|1 0
|2 ddc
|4 0
|6 371_712000000000000_CHO
|7 0
|9 20635
|a BRACUL
|b BRACUL
|c GEN
|d 2012-07-04
|e Kollol Book Center
|g 220.00
|l 3
|m 23
|o 371.712 CHO
|p 3010017529
|r 2022-03-15
|s 2020-03-12
|t 4
|w 2012-07-04
|y BK
|x Requisitioned by Dr. Salehuddin Ahmed, Professor (On leave), BRAC Business School
|
| 952 |
|
|
|0 0
|1 0
|2 ddc
|3 Need to change call number
|4 1
|6 362_200000000000000_CHA
|7 0
|9 20757
|a BRACUL
|b BRACUL
|c SPS
|d 2012-07-19
|e Kollol Book Center
|g 220.00
|l 0
|o 362.2 CHA
|p 3010017527
|r 2012-07-19
|t 2
|w 2012-07-19
|y BK
|x Photocopy Book. Declared as Damaged on December 10, 2023 ; Requisitioned by Dr. Salehuddin Ahmed, Professor (On leave), BRAC Business School
|